000 00344 a2200157 4500
001 164582
020 _a
040 _cMagnum
100 _aSandroni, Luciana
240 1 0 _aMinhas memorias de lobato
_lpor
245 1 0 _aMinhas memorias de lobato
362 0 _a1899
440 1 _aCompanhia das Letrinhas
697 _aJ/CONTO
942 _cBK
999 _c164582
_d164582